Notre-Dame : (Titelsatznr. 58384)
[ MARC ]
| 000 -Satzkennung | |
|---|---|
| Kontrollfeld mit fester Länge | 02581nam a22003613i 4500 |
| 001 - Kontrollnummer | |
| Kontrollfeld | EBC6354113 |
| 003 - Kontrollnummer Identifier | |
| Kontrollfeld | MiAaPQ |
| 005 - Datum und Zeit der letzten Transaktion | |
| Kontrollfeld | 20211125175652.0 |
| 007 - Feld mit fester Länge zur physischen Beschreibung - Allgemeine Information | |
| Kontrollfeld mit fester Länge | cr cnu|||||||| |
| 008 - Feld mit fester Länge zur physischen Beschreibung - Allgemeine Angaben | |
| Kontrollfeld mit fester Länge | 211122s2020 xx o ||||0 ger d |
| 020 ## - Internationale Standardbuchnummer | |
| Internationale Standardbuchnummer | 9783406750496 |
| Nähere Angaben | (electronic bk.) |
| 020 ## - Internationale Standardbuchnummer | |
| Gelöschte/ungültige ISBN | 9783406750489 |
| 040 ## - Katalogisierungsquelle | |
| Original-Katalogisierungsstelle | MiAaPQ |
| Katalogisierungssprache | eng |
| Übertragungsstelle | MiAaPQ |
| 100 1# - Haupteintragung - Personenname | |
| Personenname | Gaehtgens, Thomas W. |
| 245 10 - Titel | |
| Titel | Notre-Dame : |
| Zusatz zum Titel | Geschichte einer Kathedrale. |
| 250 ## - Ausgabebezeichnung | |
| Ausgabebezeichnung | 1st ed. |
| 264 #1 - Produktion, Veröffentlichung, Distribution, Herstellung und Urheberrechtsvermerk | |
| Herstellungs-, Veröffentlichungs- Vertriebs-, Erzeugungsort | München : |
| Produzent, Herausgeber, Distributor, Hersteller | C.H. Beck, |
| Datum der Herstellung, der Veröffentlichung, des Vertriebs oder des Urheberschutzvermerks | 2020. |
| 264 #4 - Produktion, Veröffentlichung, Distribution, Herstellung und Urheberrechtsvermerk | |
| Datum der Herstellung, der Veröffentlichung, des Vertriebs oder des Urheberschutzvermerks | {copy}2020. |
| 300 ## - Physische Beschreibung | |
| Umfang | 1 online resource (130 pages) |
| 336 ## - Inhaltstyp | |
| Inhaltstypterm | Text |
| Inhaltstypcode | txt |
| Quelle | rdacontent |
| 337 ## - Medientyp | |
| Bezeichnung des Medientyps | Computermedien |
| Medientypcode | c |
| Quelle | rdamedia |
| 338 ## - Datenträgertyp | |
| Datenträgertypbezeichnung | Online Resource |
| Datenträgertypcode | cr |
| Quelle | rdacarrier |
| 490 1# - Gesamttitelangabe | |
| Gesamttitelangabe | Beck'sche Reihe ; |
| Bandnummer/Folgebezeichnung | v.2913 |
| 500 ## - Allgemeine Fußnote | |
| Allgemeine Fußnote | E-Book-ProQuest / Fernzugriff nach Registrierung möglich |
| 505 0# - Fußnote zu strukturierten Inhaltsangaben | |
| Fußnote zu strukturierten Inhaltsangaben | Cover -- Titel -- Zum Buch -- Über den Autor -- Impressum -- Inhalt -- Vorwort -- I. Die gotische Kathedrale -- Kathedrale und Königskirche -- Eine Kathedrale für die Hauptstadt -- Chor, Langhaus, nördliche und südliche Querschiffe -- Die Westfassade -- Die Westportale -- Die Königsgalerie -- Die Querhausfassaden und die Porte Rouge -- Die vollendete Kathedrale -- Königskirche vom Mittelalter bis zur Renaissance -- II. Die Kathedrale der Könige -- Eine Hochzeit mit dramatischen Folgen -- Festliche Ereignisse und Staatstrauer -- Calvinisten im Chor von Notre-Dame -- Das Gelübde Ludwigs XIII. -- Stiftungen der Bürger: Die «Mays» (Maibilder) -- Kardinal de Beaumont -- Ein Grabdenkmal der Aufklärung -- III. Tempel und Kirche der Nation -- Tempel und Nationaldenkmal -- Vandalismus -- Die Kaiserkrönung Napoleons I. -- Gotteshaus der Restauration -- Der Roman von Victor Hugo -- Die Restaurierung unter Lassus und Viollet-le-Duc -- IV. Die Kathedrale der Republik -- Die Trennung von Kirche und Staat -- Nationalkirche -- Dichterische Inspiration und Deutung der Kathedrale -- Vom Ersten zum Zweiten Weltkrieg -- 15. April 2019 -- Gläubige und Besucher -- Ausgewählte Literatur -- Bildnachweis -- Plan von Paris (Truschet/Hoyau) um 1550, Ausschnitt mit der Île de la Cité -- Plan von Paris (Plan Turgot) 1734-1736, Ausschnitt mit der Île de la Cité. |
| 651 #4 - Nebeneintragung unter einem Schlagwort - Geografischer Name | |
| Geografischer Name | Notre-Dame |
| 655 #4 - Indexierungsterm - Genre/Form | |
| Genre/Form oder fokussierter Term | |
| 655 ## - Indexierungsterm - Genre/Form | |
| Genre/Form oder fokussierter Term | Fernzugriff |
| 776 08 - Andere physische Form | |
| Verweisungsphrase | Print version: |
| Haupteintragung | Gaehtgens, Thomas W. |
| Titel | Notre-Dame |
| Ort, Verlag und Erscheinungsjahr | München : C.H. Beck,c2020 |
| Internationale Standardbuchnummer | 9783406750489 |
| 830 #0 - Nebeneintragung unter dem Gesamttitel - Einheitstitel | |
| Einheitstitel | Beck'sche Reihe |
| 856 40 - Elektronische Adresse und Zugriff | |
| URL | <a href="https://ebookcentral.proquest.com/lib/maxweberstiftung-ebooks/detail.action?docID=6354113">https://ebookcentral.proquest.com/lib/maxweberstiftung-ebooks/detail.action?docID=6354113</a> |
| OPAC-Notiz | Volltext |
| 942 ## - Zusätzliche Felder (Koha) | |
| Koha-Medientyp | E-Books |
| Klassifikation oder Aufstellungssystematik | Andere/Generische Klassifikation |
| Ausgeschieden | Verloren | Klassifikation oder Aufstellungssystematik | Beschädigt | Nicht entleihbar | Heimatbibliothek | Aufenthaltsbibliothek | Aufstellungsort | Erwerbungsdatum | Inventarnummer | Signatur | Barcode | Letzte Aktivität | Preis gültig von | Koha-Medientyp |
|---|---|---|---|---|---|---|---|---|---|---|---|---|---|---|
| Andere/Generische Klassifikation | MWN Osteuropa | MWN Osteuropa | Online-Ressource | 22/11/2021 | 21-e01336 | E-21-e01336 | 58786 | 22/11/2021 | 22/11/2021 | E-Books |